Toán kinh tế Phần qui hoạch tuyến tính ( bài giảng và bài tập ); T3
Salvato in:
| Autore principale: | |
|---|---|
| Natura: | Libro |
| Lingua: | Undetermined |
| Pubblicazione: |
Tp. HCM
Trường Đại học kinh tế Tp. HCM
1995
|
| Soggetti: | |
| Tags: |
Aggiungi Tag
Nessun Tag, puoi essere il primo ad aggiungerne! !
|
| Thư viện lưu trữ: | Trung tâm Học liệu Trường Đại học Cần Thơ |
|---|
| LEADER | 00582nam a2200181Ia 4500 | ||
|---|---|---|---|
| 001 | CTU_5485 | ||
| 008 | 210402s9999 xx 000 0 und d | ||
| 082 | |a 330.1543 | ||
| 082 | |b Tr513/T3 | ||
| 100 | |a Đào Phúc Trung | ||
| 245 | 0 | |a Toán kinh tế | |
| 245 | 0 | |b Phần qui hoạch tuyến tính ( bài giảng và bài tập ); T3 | |
| 245 | 0 | |c Đào Phúc Trung | |
| 260 | |a Tp. HCM | ||
| 260 | |b Trường Đại học kinh tế Tp. HCM | ||
| 260 | |c 1995 | ||
| 650 | |a economics, mathematical | ||
| 980 | |a Trung tâm Học liệu Trường Đại học Cần Thơ | ||